000 01031nam a22004210a 4500
001 PT43956
003 AR-LpoUNG
005 20210131231008.0
008 191001s2006||||ag |||||||||||||||||spa d
020 _a9872252319
_c$98.50
040 _aAR-LpoUNG
_bspa
_cAR-LpoUNG
_eaacr
041 _aspa
044 _aag
082 0 _a982.064 438agu
100 1 _aPérez, Amalia
245 1 0 _aAguafuertes del exilio
250 _a1ª ed.
260 _aBuenos Aires :
_bUniversidad Nacional de General San Martín,
_c2006.
300 _a145 p. :
_bgráfs., tblas.
650 4 _aANALISIS HISTORICO
650 4 _aARGENTINA
650 4 _aCENSURA
650 4 _aDICTADURA
650 4 _aGOBIERNO MILITAR
650 4 _aHISTORIA
650 4 _aISRAEL
650 4 _aMEXICO
650 4 _aMUERTES
650 4 _aPARTICIPACION POLITICA
650 4 _aPOLITICA
650 4 _aVIOLENCIA
651 4 _aArgentina
653 _aEXILIO
653 _aMEMORIA COLECTIVA
653 _aRELATOS
905 _a43956
942 _cLIB
999 _c7377
_d7377